Statistics for Top 15 largest African Countries by Area

Click here to take the quiz!

General Stats

  • This quiz has been taken 92 times
  • The average score is 14 of 15

Answer Stats

AreaCountry% Correct
2,381,740 km2Algeria
100%
1,861,484 km2Sudan
100%
1,001,449 km2Egypt
99%
1,267,000 km2Niger
99%
2,344,858 km2D. R. Congo
98%
1,221,037 km2South Africa
98%
1,759,540 km2Libya
96%
1,240,192 km2Mali
96%
1,104,300 km2Ethiopia
95%
825,418 km2Namibia
94%
923,768 km2Nigeria
94%
1,246,700 km2Angola
93%
945,203 km2Tanzania
92%
1,284,000 km2Chad
90%
1,030,700 km2Mauritania
89%

Score Distribution

Percentile by Number Answered

Percent of People with Each Score

Your Score History

You have not taken this quiz